| 000 | 01584nam a2200349 i 4500 | ||
|---|---|---|---|
| 001 | 186190 | ||
| 003 | SpMaBN | ||
| 005 | 20250731034212.0 | ||
| 008 | 160915s2016 sp ao 001 0bspa d | ||
| 017 |
_aGU 3-2016 _bOficina Depósito Legal Guadalajara |
||
| 020 | _a9788496862692 | ||
| 040 | _cSpMaBN | ||
| 080 | _a929 Navarro, César (047.53) | ||
| 100 | 1 |
_aNavarro de Francisco, César, _d1932- _985113 _eive |
|
| 245 | 1 | 0 |
_aCésar Navarro, vida y testimonio de un francmasón : _bel hombre enamorado de la libertad / _cEnriqueta de la Cruz. |
| 260 |
_a[Guadalajara] : _bSilente, _c[2016] |
||
| 300 |
_a207 páginas : _bilustraciones (blanco y negro) ; _c25 cm |
||
| 490 | 1 | _aSilente memoria histórica | |
| 500 | _aÍndice | ||
| 505 | _aEl Ateneo Científico, Literario y Artístico: la conferencia de Marco Polo ; El ideal de la humanidad es una obra de Krause [con referencias al Ateneo] | ||
| 600 | 1 | 4 |
_aNavarro de Francisco, César, _d1932- _985113 |
| 610 | 2 | 4 |
_aAteneo de Madrid- _vHistoria- _vRelatos personales _91926 |
| 655 | 0 |
_9234232 _aEntrevistas |
|
| 700 | 1 |
_aCruz, Enriqueta de la, _d1959- _eivr _9152149 |
|
| 830 | 1 |
_aSilente memoria histórica _9191407 |
|
| 852 |
_aES-MaACL _bR.154399 _cDEPOJ _hDonación: Editorial _jN-8403/Ej.3 _zX-30 _zDuplicado _9200080 |
||
| 852 |
_aES-MaACL _bR.151216 _cDEPO1 _dOlim: N-6945 _hDonación: Editorial _jA-13945 _9193244 |
||
| 852 |
_aES-MaACL _cDEPOJ _hDonación: Editorial _jN-8221/Ej.2 _zX-30 _zDuplicado _9193243 |
||
| 942 |
_cMONOGRAFIA _n0 |
||
| 999 |
_c186190 _d186190 |
||